Lobbying and welfare (Registro nro. 25979)

Detalles MARC
000 -LEADER
fixed length control field 00312 a2200109 4500
001 - CONTROL NUMBER
control field ART_11973
005 - DATE AND TIME OF LATEST TRANSACTION
control field 20260410161902.0
008 - FIXED-LENGTH DATA ELEMENTS--GENERAL INFORMATION
fixed length control field 260409a
100 1# - MAIN ENTRY--PERSONAL NAME
Personal name Tullock, Gordon
245 10 - TITLE STATEMENT
Title Lobbying and welfare
773 0# - HOST ITEM ENTRY
Title Journal of public economics
Related parts - Vol. 16, Nº 3 (dic. 1981)
Record control number REV11485

No hay ítems disponibles.